History Quiz

Random History or Discovery Quiz

Interesting Trivia: Explorers II Quiz Stats

 Plays Quiz Updated Oct 29, 2019

Score 0/21 Timer 06:00
71 Plays Today
% Correct
Court-martialed
90.7%
Head and chest
90.6%
Never met
89.8%
Sex god
88.3%
The Garden of Eden
88.2%
His legal guardian
88.1%
Cannibalistic natives
87.7%
Erik the Red
87.4%
Sacagawea
86.7%
Horses
86.4%
Chronicles of Asia
85.3%
% Correct
An elk
83.2%
Search parties
82.8%
Prostitute
79.1%
Marco Polo
74.7%
Wooly mammoths
64.2%
Hernando de Soto
62.7%
Christopher Columbus
59.1%
The Grand Khan of China
57.9%
Muslim explorers
49.8%
Amerigo Vespucci
45.7%

You're not logged in!

Compare scores with friends on all Sporcle quizzes.
OR
Log In

Sporcle TV

Today on Sporcle TV


Watch our educational content, quiz creation guides, and fun videos on Sporcle TV.

Show Comments

Extras

Top Quizzes Today


Score Distribution

Your Account Isn't Verified!

In order to create a playlist on Sporcle, you need to verify the email address you used during registration. Go to your Sporcle Settings to finish the process.

Report this User

Report this user for behavior that violates our Community Guidelines.

Details: